Christian response to change in East African traditional societies / (Record no. 13537)
[ view plain ]
| 000 -LEADER | |
|---|---|
| fixed length control field | 00678nam a22002052 4500 |
| 001 - CONTROL NUMBER | |
| control field | 0000012866 |
| 005 - DATE AND TIME OF LATEST TRANSACTION | |
| control field | 20151217155853.0 |
| 008 - FIXED-LENGTH DATA ELEMENTS--GENERAL INFORMATION | |
| fixed length control field | 090325s xx 000 0 eng d |
| 040 ## - CATALOGING SOURCE | |
| Original cataloging agency | KABU |
| Transcribing agency | KABU |
| 100 1# - MAIN ENTRY--PERSONAL NAME | |
| Personal name | Brown, Gerald G. |
| -- | 0000169835 |
| 245 10 - TITLE STATEMENT | |
| Title | Christian response to change in East African traditional societies / |
| Statement of responsibility, etc. | by Gerald G. Brown. |
| 250 ## - EDITION STATEMENT | |
| Edition statement | 1st ed. |
| 260 ## - PUBLICATION, DISTRIBUTION, ETC. (IMPRINT) | |
| Place of publication, distribution, etc. | London : |
| Name of publisher, distributor, etc. | Friends Home Service Committee, |
| Date of publication, distribution, etc. | 1973. |
| 300 ## - PHYSICAL DESCRIPTION | |
| Extent | 52 p. |
| 650 #0 - SUBJECT ADDED ENTRY--TOPICAL TERM | |
| Topical term or geographic name as entry element | Christian sects |
| Geographic subdivision | Kenya. |
| -- | 0000169836 |
| 650 #0 - SUBJECT ADDED ENTRY--TOPICAL TERM | |
| Topical term or geographic name as entry element | Christianity |
| Geographic subdivision | Buganda (Uganda) |
| -- | 0000169837 |
| 852 1# - LOCATION | |
| -- | p100 KES |
| 908 ## - PUT COMMAND PARAMETER (RLIN) | |
| Put command parameter | 090325 |
| 950 ## - LOCAL HOLDINGS (RLIN) | |
| -- | 1 |
| Withdrawn status | Lost status | Source of classification or shelving scheme | Not for loan | Home library | Current library | Date acquired | Total Checkouts | Full call number | Barcode | Date last seen | Price effective from | Koha item type |
|---|---|---|---|---|---|---|---|---|---|---|---|---|
| Library of Congress Classification | Kabarak, Main Campus | Kabarak, Main Campus | 17/12/2015 | BR1440 .B76 1973 c. 1 | 17335 | 17/12/2015 | 17/12/2015 | Africana Collection |